[Event "AGAG    I"]
[Site "SchemingMind.com"]
[Date "2019.01.01"]
[Round "-"]
[White "Chessibelle"]
[Black "JAHI"]
[Result "0-1"]
[WhiteCountry "ENG"]
[BlackCountry "INT"]
[WhiteElo "1229"]
[WhiteRD "60"]
[BlackElo "2157"]
[BlackRD "82"]
[GameID "436561"]

1. Nf3 d6 2. d4 Bg4 3. Nbd2 Bxf3 4. Nxf3 c6 5. Bd2 c5 6. c4 cxd4 7. Nxd4 Nc6 8. e3 Nxd4 9. exd4 e6 10. Be2 Be7
11. O-O d5 12. Re1 dxc4 13. Be3 h6 14. Bxc4 Nf6 15. Bb5+ Kf8 16. Qf3 Qd5 17. Bd3 Qxf3 18. gxf3 Nd5 19. Bd2 Bd6 20. a3 Bf4
21. Bc1 Rd8 22. b4 Bb8 23. Bd2 g6 24. f4 Bxf4 25. Bc1 Kg7 26. f3 Bg5 27. Bb2 Rd7 28. Re4 Rc8 29. Kg2 Nf4+ 30. Kf1 Nxd3
31. Bc3 Rxc3 32. Ke2 Nf4+ 33. Kf2 Bh4+ 34. Kf1 Rxf3+ 35. Kg1 Bf2+ 36. Kf1 Bxd4+ 37. Ke1 Bc3#
0-1

[Event "AGAG    I"]
[Site "SchemingMind.com"]
[Date "2019.01.01"]
[Round "-"]
[White "JAHI"]
[Black "Chessibelle"]
[Result "1-0"]
[WhiteCountry "INT"]
[BlackCountry "ENG"]
[WhiteElo "2157"]
[WhiteRD "82"]
[BlackElo "1229"]
[BlackRD "60"]
[GameID "436562"]

1. c3 e5 2. d3 Be7 3. d4 Nf6 4. dxe5 Ng8 5. g3 d6 6. exd6 cxd6 7. Bg2 g6 8. h3 Nf6 9. Bg5 Nbd7 10. Bxf6 Bxf6
11. Qxd6 Be7 12. Qd2 Qb6 13. h4 Kf8 14. Bh3 Nc5 15. Qc2 f5 16. Nd2 Be6 17. Ngf3 Bd6 18. h5 Nd7 19. Nd4 Bc5 20. Nxe6+ Qxe6
21. Qb3 Qc6 22. Nf3 a6 23. Bg2 b5 24. Ne5 Qxg2 25. Qf7#
1-0